书目信息 |
| 题名: |
常用药学装备
|
|
| 作者: | 刘明乐 , 李克荣 主编 | |
| 分册: | ||
| 出版信息: | 北京 化学工业出版社 2008.01 |
|
| 页数: | 454页 | |
| 开本: | 26cm | |
| 丛书名: | ||
| 单 册: | ||
| 中图分类: | TQ460.5 | |
| 科图分类: | ||
| 主题词: | 药物--制造--化学工业 | |
| 电子资源: | ||
| ISBN: | 978-7-122-01361-3 | |
| 000 | 00730nam0 2200217 450 | |
| 001 | 0935583406 | |
| 005 | 20091211095513.15 | |
| 010 | @a978-7-122-01361-3@dCNY75.00 | |
| 100 | @a20091211d2008 km y0chiy0120 ea | |
| 101 | 0 | @achi |
| 102 | @aCN@b110000 | |
| 200 | 1 | @a常用药学装备@Achang yong yao xue zhuang bei@e制作、革新、新方法@f刘明乐,李克荣主编@Fliu ming yue,li ke rong zhu bian |
| 210 | @a北京@c化学工业出版社@d2008.01 | |
| 215 | @a454页@d26cm | |
| 517 | 1 | @a制作、革新、新方法@Azhi zuo、ge xin、xin fang fa |
| 606 | 0 | @a药物@x制造@x化学工业 |
| 690 | @aTQ460.5@v4 | |
| 701 | 0 | @a刘明乐@Aliu ming yue@4主编 |
| 701 | 0 | @a李克荣@Ali ke rong@4主编 |
| 801 | 0 | @aCN@b山东省滨州职业学院图书馆@c20091211 |
| 905 | @aBZT@dTQ460.5@e2 | |
| 常用药学装备:制作、革新、新方法/刘明乐,李克荣主编.-北京:化学工业出版社,2008.01 |
| 454页;26cm |
| ISBN 978-7-122-01361-3:CNY75.00 |
| ● |
| 相关链接 |
|
|
|
正题名:常用药学装备
索取号:TQ460.5/2
 
预约/预借
| 序号 | 登录号 | 条形码 | 馆藏地/架位号 | 状态 | 备注 |
| 1 | 726064 | 2000726064 | 样本书库/样006架A面4层2列/ [索取号:TQ460.5/2] | 在馆 | |
| 2 | 726065 | 2000726065 | 中心书库中库/ 中库026架A面8列7层11/ [索取号:TQ460.5/2] | 在馆 | |
| 3 | 726066 | 2000726066 | 中心书库中库/ 中库026架A面8列7层12/ [索取号:TQ460.5/2] | 在馆 | |
| 4 | 726067 | 2000726067 | 中心书库中库/ 中库026架A面8列7层10/ [索取号:TQ460.5/2] | 在馆 | |
| 5 | 726068 | 2000726068 | 中心书库中库/ 中库026架A面8列7层13/ [索取号:TQ460.5/2] | 在馆 | |
| 6 | 726069 | 2000726069 | 中心书库中库/ 中库026架A面8列7层14/ [索取号:TQ460.5/2] | 在馆 |